000 00431nam a2200157Ia 4500
008 210210b2000 xxu||||| |||| 00| 0 eng d
020 _a81 7273 008 X
082 _a355.4 MISD
100 _aMISHRA (H B).
245 _aDefence programmes of India.
260 _aDelhi.
_bAuthors Press, Publishers of Scholarly Books.,
_c2000
300 _aviii,209
650 _aDefence India
690 _aMilitary Science
906 _a057121
999 _c104672
_d104672